Komunikácia v diplomacii, diplomacia v komunikácii

Na minha lista:
Detalhes bibliográficos
Autor principal: Rusiňáková, Jarmila, 1959-
Outros Autores: Breveníková, Daniela, Šajgalíková, Helena
Formato: Livro
Idioma:eslovaco
Publicado em: Košice Equilibria 2024
Edição:2. upravené vydanie
Assuntos:
Tags: Adicionar Tag
Sem tags, seja o primeiro a adicionar uma tag!

MARC

LEADER 00000nam a2200000 4500
001 0299641
005 20240502074538.6
020 |a 978-80-8143-335-1 
041 0 |a slo 
044 |a SK 
245 1 0 |a Komunikácia v diplomacii, diplomacia v komunikácii  |c Jarmila Rusiňáková ; recenzenti: Daniela Breveníková, Helena Šajgalíková 
250 |a 2. upravené vydanie 
264 1 |a Košice  |b Equilibria  |c 2024 
300 |a 225 s. [11,3 AH] 
610 2 0 |a komunikácia interkultúrna 
610 2 0 |a komunikácia interpersonálna 
610 2 0 |a komunikácia verbálna 
610 2 0 |a komunikácia neverbálna 
610 2 0 |a diplomacia 
610 2 0 |a rokovania obchodné 
610 2 0 |a pojmy 
100 1 |a Rusiňáková, Jarmila, 1959- 
700 1 |a Breveníková, Daniela 
700 1 |a Šajgalíková, Helena